00810cam a22002051 450000500170000000800410001704000290005804100080008704400070009508200180010210000220012024500760014226000380021830000340025650400620029065000420035294200150039499900170040995201780042620160223094925.0700802s1966 ru b 000 0 eng  aDLCcDLCdDLCdCo-BoIAvH1 aeng aur00a634.028bK81f1 aKolesnikov, V. A.10aFruit biologycV. Kolesnikov., traducción del russo por L. Kolesnikov aMoscú:bMIR Publishers,c[1966] a337 páginasc21 centimetros aIncluye referencias bibliográficas (páginas 329 -[38) 0aFrutasxbiologíazUnión Sovietica 2ddccLIBRO c18173d18173 00102ddc40708FONDO RAMIIINV2017aBogotabBogotad2016-02-23eInstitutog39000.00l0oFRO-634.028 K81fp039686r2016-02-23 00:00:00tEj. 1w2016-02-23xDonaciónyLIBRO